[Event "Leeuwarden op"]
[Site "Leeuwarden"]
[Date "1997.??.??"]
[Round "3"]
[White "Kharlov, Andrei"]
[Black "De Jong, Migchiel"]
[Result "1-0"]
[WhiteElo "2565"]
[BlackElo "2325"]
[PlyCount "83"]
[EventDate "1997.11.08"]
[EventType "swiss"]
[EventRounds "9"]
[EventCountry "NED"]
[SourceTitle "EXT 1999"]
[Source "ChessBase"]
[SourceDate "1998.11.10"]
[SourceVersion "1"]
[SourceVersionDate "1998.11.10"]
[SourceQuality "1"]

1. d4 Nf6 2. c4 g6 3. Nc3 Bg7 4. e4 d6 5. h3 O-O 6. Be3 Nc6 7. Nge2 Re8 8. d5
Ne5 9. Ng3 e6 10. Be2 exd5 11. cxd5 Qe7 12. O-O c6 13. Re1 a6 14. dxc6 bxc6 15.
Qd2 Bb7 16. Rad1 Bf8 17. f4 Ned7 18. Bf3 Qd8 19. Nf1 c5 20. Bf2 Qc7 21. g4 Nb6
22. g5 Nfd7 23. Nh2 Nc4 24. Qc1 h5 25. Nd5 Bxd5 26. Rxd5 Ndb6 27. Rd3 Rac8 28.
Rc3 Na5 29. b4 Nb7 30. bxc5 Nxc5 31. Qd2 Qd7 32. h4 Qa4 33. Nf1 Nbd7 34. Ng3
Rb8 35. Rec1 Rb4 36. Qc2 Qb5 37. Qd1 Ne6 38. Ne2 Ndc5 39. f5 Nc7 40. fxg6 fxg6
41. Nf4 Nxe4 42. Rxc7 1-0

[Event "Leeuwarden op"]
[Site "Leeuwarden"]
[Date "1997.??.??"]
[Round "5"]
[White "Kharlov, Andrei"]
[Black "Van Mil, Johan"]
[Result "1-0"]
[WhiteElo "2565"]
[BlackElo "2420"]
[PlyCount "45"]
[EventDate "1997.11.08"]
[EventType "swiss"]
[EventRounds "9"]
[EventCountry "NED"]
[SourceTitle "EXT 1999"]
[Source "ChessBase"]
[SourceDate "1998.11.10"]
[SourceVersion "1"]
[SourceVersionDate "1998.11.10"]
[SourceQuality "1"]

1. e4 c5 2. Nf3 e6 3. c3 d5 4. exd5 exd5 5. d4 a6 6. Be2 c4 7. O-O Bd6 8. b3
cxb3 9. axb3 Ne7 10. c4 O-O 11. c5 Bc7 12. b4 Bf5 13. b5 Bxb1 14. Rxb1 axb5 15.
Rxb5 b6 16. cxb6 Bxb6 17. Bd3 h6 18. Bc2 Nd7 19. Qd3 Nf6 20. Ne5 Re8 21. Qg3
Ne4 22. Bxe4 dxe4 23. Qb3 1-0

[Event "Leeuwarden op"]
[Site "Leeuwarden"]
[Date "1997.??.??"]
[Round "6"]
[White "Reinderman, Dimitri"]
[Black "Kharlov, Andrei"]
[Result "1/2-1/2"]
[WhiteElo "2475"]
[BlackElo "2565"]
[PlyCount "63"]
[EventDate "1997.11.08"]
[EventType "swiss"]
[EventRounds "9"]
[EventCountry "NED"]
[SourceTitle "EXT 1999"]
[Source "ChessBase"]
[SourceDate "1998.11.10"]
[SourceVersion "1"]
[SourceVersionDate "1998.11.10"]
[SourceQuality "1"]

1. e4 c5 2. Ne2 Nc6 3. Nbc3 Nf6 4. d4 cxd4 5. Nxd4 e6 6. Ndb5 d6 7. Bf4 e5 8.
Bg5 a6 9. Na3 b5 10. Bxf6 gxf6 11. Nd5 f5 12. c3 Bg7 13. exf5 Bxf5 14. Nc2 Be6
15. g3 O-O 16. Bg2 a5 17. O-O Kh8 18. a3 Rb8 19. Qd2 Qd7 20. Rad1 f5 21. f4 e4
22. Kh1 b4 23. axb4 axb4 24. Nde3 bxc3 25. bxc3 d5 26. g4 fxg4 27. Nxd5 Ne7 28.
Nxe7 Qxe7 29. Bxe4 Bb3 30. Rde1 Rbd8 31. Nd4 Qd6 32. Nxb3 1/2-1/2

[Event "Leeuwarden op"]
[Site "Leeuwarden"]
[Date "1997.??.??"]
[Round "7"]
[White "Kharlov, Andrei"]
[Black "Van der Wiel, John"]
[Result "1-0"]
[WhiteElo "2565"]
[BlackElo "2525"]
[PlyCount "149"]
[EventDate "1997.11.08"]
[EventType "swiss"]
[EventRounds "9"]
[EventCountry "NED"]
[SourceTitle "EXT 1999"]
[Source "ChessBase"]
[SourceDate "1998.11.10"]
[SourceVersion "1"]
[SourceVersionDate "1998.11.10"]
[SourceQuality "1"]

1. d4 Nf6 2. c4 e6 3. Nc3 Bb4 4. e3 c5 5. Nge2 cxd4 6. exd4 O-O 7. a3 Be7 8. d5
exd5 9. cxd5 Re8 10. d6 Bf8 11. g3 b6 12. Bg2 Nc6 13. b4 Bb7 14. O-O Qb8 15.
Nb5 Ne5 16. Nc7 Nf3+ 17. Kh1 Rxe2 18. Qxe2 Bxd6 19. Bxf3 Qxc7 20. Bxb7 Qxb7+
21. Kg1 Re8 22. Qd3 Re6 23. Bb2 Ne4 24. f3 Ng5 25. Kg2 h5 26. Rae1 Rg6 27. Re8+
Bf8 28. Bc1 Ne6 29. Rd1 Rf6 30. Bb2 Rg6 31. Kf2 d5 32. Be5 Qd7 33. Rb8 d4 34.
Qc4 h4 35. g4 Rg5 36. Rxd4 Nxd4 37. Qxd4 Qxd4+ 38. Bxd4 Rd5 39. Be3 Rd7 40. h3
f6 41. Ke2 Kf7 42. f4 Bd6 43. Ra8 g6 44. Kf3 f5 45. g5 Be7 46. Ke2 Ke6 47. Bd2
Bd8 48. Rc8 Kd5 49. b5 Bc7 50. Rg8 Rd6 51. Rg7 Bb8 52. Rh7 Kc4 53. a4 Re6+ 54.
Kf3 Kd3 55. Bc1 Kc2 56. Be3 Kb3 57. Rxh4 Kxa4 58. Rh6 Bd6 59. h4 Bf8 60. Rh8
Bc5 61. Bxc5 bxc5 62. h5 gxh5 63. Rf8 Kxb5 64. Rxf5 a5 65. Rf8 Rg6 66. Rh8 a4
67. Rxh5 a3 68. Rh1 c4 69. Kg4 Rd6 70. f5 Rd4+ 71. Kf3 Rd3+ 72. Ke4 Rg3 73. f6
Rxg5 74. f7 Rg4+ 75. Kf3 1-0

[Event "Leeuwarden op"]
[Site "Leeuwarden"]
[Date "1997.??.??"]
[Round "8"]
[White "Lobron, Eric"]
[Black "Kharlov, Andrei"]
[Result "1/2-1/2"]
[WhiteElo "2540"]
[BlackElo "2565"]
[PlyCount "96"]
[EventDate "1997.11.08"]
[EventType "swiss"]
[EventRounds "9"]
[EventCountry "NED"]
[SourceTitle "EXT 1999"]
[Source "ChessBase"]
[SourceDate "1998.11.10"]
[SourceVersion "1"]
[SourceVersionDate "1998.11.10"]
[SourceQuality "1"]

1. c4 e5 2. g3 Nf6 3. Bg2 d5 4. cxd5 Nxd5 5. Nf3 Nc6 6. O-O Be7 7. d4 exd4 8.
Nxd4 Nxd4 9. Qxd4 Nf6 10. Qa4+ c6 11. Rd1 Qb6 12. Be3 Bc5 13. Bxc5 Qxc5 14. b4
Qb6 15. Nc3 O-O 16. Qa5 Be6 17. Qxb6 axb6 18. a4 Rfc8 19. b5 Kf8 20. Rab1 Nd5
21. Nxd5 cxd5 22. Bxd5 Bxd5 23. Rxd5 Rc2 24. Kf1 Rxa4 25. Rbd1 Re4 26. Rd8+ Re8
27. Rxe8+ Kxe8 28. Rd6 Ke7 29. Rxb6 Rc7 30. e4 Rd7 31. e5 Kd8 32. e6 fxe6 33.
Rxe6 Rd5 34. b6 Rb5 35. h4 Kd7 36. Re4 Rxb6 37. h5 Re6 38. Rd4+ Kc7 39. f4 b5
40. Kf2 Rb6 41. Rb4 Kc6 42. Ke3 Kc5 43. Re4 b4 44. Kd2 Rb7 45. Kc2 Rd7 46. g4
Kb5 47. Re8 Rf7 48. f5 Rc7+ 1/2-1/2

[Event "Leeuwarden op"]
[Site "Leeuwarden"]
[Date "1997.??.??"]
[Round "9"]
[White "Kharlov, Andrei"]
[Black "Ulibin, Mikhail"]
[Result "1/2-1/2"]
[WhiteElo "2565"]
[BlackElo "2535"]
[PlyCount "63"]
[EventDate "1997.11.08"]
[EventType "swiss"]
[EventRounds "9"]
[EventCountry "NED"]
[SourceTitle "EXT 1999"]
[Source "ChessBase"]
[SourceDate "1998.11.10"]
[SourceVersion "1"]
[SourceVersionDate "1998.11.10"]
[SourceQuality "1"]

1. b3 c5 2. Bb2 b6 3. g3 Bb7 4. Nf3 e6 5. Bg2 Nf6 6. O-O Be7 7. c4 O-O 8. e3 d6
9. d4 Nbd7 10. Nc3 Re8 11. Re1 Ne4 12. Nxe4 Bxe4 13. Nd2 Bxg2 14. Kxg2 cxd4 15.
Bxd4 Qc7 16. Kg1 Rad8 17. e4 Qb7 18. Qe2 d5 19. exd5 exd5 20. Rad1 Qa8 21. Qg4
Nf6 22. Qf3 dxc4 23. Qxa8 Rxa8 24. Nxc4 Kf8 25. Kg2 Red8 26. a4 Rac8 27. Kf3
Nd5 28. Rc1 Bg5 29. Ne3 Nxe3 30. Rxc8 Rxc8 31. fxe3 Bf6 32. Bxf6 1/2-1/2

[Event "RUS-Cup02"]
[Site "Moscow"]
[Date "1998.??.??"]
[Round "3"]
[White "Gorbatov, Alexej"]
[Black "Kharlov, Andrei"]
[Result "0-1"]
[WhiteElo "2435"]
[BlackElo "2560"]
[PlyCount "52"]
[EventDate "1998.01.21"]
[EventType "swiss"]
[EventRounds "9"]
[EventCountry "RUS"]
[SourceTitle "CBM 063"]
[Source "ChessBase"]
[SourceDate "1998.03.26"]
[SourceVersion "1"]
[SourceVersionDate "1998.03.26"]
[SourceQuality "1"]

1. c4 e5 2. Nc3 Nf6 3. Nf3 Nc6 4. d3 d5 5. cxd5 Nxd5 6. e3 Be7 7. Be2 Be6 8.
O-O O-O 9. a3 a5 10. Qc2 Kh8 11. Rd1 f5 12. Na4 Bd6 13. Bd2 Qe7 14. Rac1 Rae8
15. g3 Bc8 16. Be1 f4 17. gxf4 exf4 18. e4 Bg4 19. Bc3 Nxc3 20. Qxc3 Be5 21.
Qc5 Qf6 22. Kf1 Nd4 23. Nxd4 Bxd4 24. Bxg4 Bxc5 25. Nxc5 f3 26. d4 Qg6 0-1

[Event "RUS-Cup02"]
[Site "Moscow"]
[Date "1998.01.24"]
[Round "4"]
[White "Kharlov, Andrei"]
[Black "Vokarev, Sergey"]
[Result "1-0"]
[WhiteElo "2560"]
[BlackElo "2485"]
[Annotator "Mueller,Karsten"]
[PlyCount "76"]
[EventDate "1998.01.21"]
[EventType "swiss"]
[EventRounds "9"]
[EventCountry "RUS"]
[SourceTitle "CBM 063"]
[Source "ChessBase"]
[SourceDate "1998.03.26"]
[SourceVersion "1"]
[SourceVersionDate "1998.03.26"]
[SourceQuality "1"]

1. e4 d5 2. exd5 Qxd5 3. Nc3 Qd6 4. g3 $5 Nf6 (4... Nc6 5. Bg2 Nf6 6. d3 Bg4 7.
Nf3 Nd4 8. h3 Nxf3+ 9. Bxf3 Bxf3 10. Qxf3 c6 $11 {Maciejewski,M-Sygulski,A/
POL-ch 1987/EXT 87ch/1/2-1/2 (53)}) (4... e5 5. Bg2 c6 6. Nge2 Nf6 7. O-O Bg4
8. d3 Nbd7 9. a4 Qc7 10. Be3 Bc5 11. Qd2 O-O 12. a5 Bb4 13. a6 b6 14. h3 Bh5
15. Ra4 $14 {Musil,V-Danysz,A/Berlin op 1988/TD 88\08/1/2-1/2 (100)}) 5. Bg2 c6
6. Nf3 Bf5 7. O-O e6 8. d4 {Weiß verfolgt den ambitionierten Plan, Se5 zu
spielen, um danach am Königsflügel mit den Bauern vorzurücken.} ({Ruhiger ist} 
8. d3 Qc7 9. Qe2 Nbd7 10. Ne4 $14 {wie in Hogenacker,J-Brecht,A/2.BLW9697
Griesheim-KKS Koeln 1997/BL2-W (41)}) 8... Be7 (8... Nbd7 $5 9. Bf4 Qb4 $13) 9.
Ne5 h5 10. h3 (10. Bf4 $5 Qb4 11. Rb1 Nd5 (11... Nbd7 12. a3 Qb6 13. Nc4 $14)
12. Nxd5 cxd5 13. Qe2 $14) 10... Nbd7 11. f4 $6 Nb6 12. g4 $6 hxg4 13. hxg4
Nxg4 $1 14. Nxg4 Bxg4 15. Qxg4 Qxd4+ 16. Rf2 Bh4 (16... O-O-O $5 17. Qe2 Bc5
18. Ne4 Qd1+ 19. Bf1 Bxf2+ 20. Nxf2 Qxe2 21. Bxe2 Rh4 $15) 17. Ne4 Bxf2+ 18.
Nxf2 O-O-O 19. c3 Qc5 20. Qe2 Qd6 21. Qf3 Nc4 22. b4 Rd7 23. Qg3 f5 $6 24. Qg5
Rhd8 25. a4 Qf8 $6 26. Qh5 Qf6 27. Qf3 Nd2 $2 (27... e5 28. Qe2 Qe6 29. fxe5
Nxe5 $13) 28. Bxd2 Rxd2 29. b5 $1 $16 R2d6 $6 30. Qe3 R8d7 $6 (30... Kb8 31.
bxc6 bxc6 32. Qc5 Qg6 33. Rb1+ Ka8 34. Kf1 Qe8 35. Rb2 Qd7 36. Nd3 $40) 31.
Qxa7 Qxc3 32. Qa8+ Kc7 {[%tqu "En","How to continue the attack?","","","b5b6",
"That was not to difficult or?",3,"De","Wie soll der Angriff fortgesetzt
werden?","holen Sie den schwarzen König ins Freie","","b5b6","das war nicht so
schwierig oder?",3]} 33. b6+ $1 Kxb6 34. Rb1+ Kc5 35. Qa7+ Kc4 36. Bf1+ Rd3 37.
Nxd3 Rxd3 38. Rd1 c5 1-0

[Event "RUS-Cup02"]
[Site "Moscow"]
[Date "1998.01.25"]
[Round "5"]
[White "Bezgodov, Alexei"]
[Black "Kharlov, Andrei"]
[Result "1/2-1/2"]
[WhiteElo "2520"]
[BlackElo "2560"]
[PlyCount "106"]
[EventDate "1998.01.21"]
[EventType "swiss"]
[EventRounds "9"]
[EventCountry "RUS"]
[SourceTitle "CBM 063"]
[Source "ChessBase"]
[SourceDate "1998.03.26"]
[SourceVersion "1"]
[SourceVersionDate "1998.03.26"]
[SourceQuality "1"]

1. e4 c5 2. Nf3 Nc6 3. Bb5 d6 4. O-O Bd7 5. Re1 a6 6. Bxc6 Bxc6 7. d4 cxd4 8.
Nxd4 Bd7 9. Bg5 Qa5 10. Bf4 e5 11. Nb3 Qc7 12. Bg5 h6 13. Bh4 Be7 14. Bxe7 Nxe7
15. c4 Be6 16. N3d2 b5 17. Na3 Qb7 18. Nf1 Rd8 19. Qd3 bxc4 20. Nxc4 O-O 21.
Nfe3 d5 22. exd5 Nxd5 23. Nxe5 Nxe3 24. Qxe3 Qxb2 25. a4 Qd2 26. Qb6 Rd6 27.
Qa7 Rc8 28. h3 Qd4 29. Qb7 Rb6 30. Qf3 a5 31. Qg3 Rb4 32. Rad1 Qf4 33. Qxf4
Rxf4 34. Ng6 fxg6 35. Rxe6 g5 36. Re7 Rc6 37. Rd8+ Kh7 38. Rdd7 Rg6 39. Ra7 g4
40. hxg4 Rfxg4 41. Rxa5 Rxg2+ 42. Kf1 Rg1+ 43. Ke2 Ra1 44. Raa7 Rgg1 45. Kf3 h5
46. Re4 Ra3+ 47. Re3 Rxe3+ 48. fxe3 h4 49. Kf2 Rg4 50. Kf3 Rb4 51. Rf7 Rxa4 52.
Rf4 Rxf4+ 53. exf4 Kg6 1/2-1/2

[Event "RUS-Cup02"]
[Site "Moscow"]
[Date "1998.??.??"]
[Round "6"]
[White "Kharlov, Andrei"]
[Black "Rashkovsky, Nukhim"]
[Result "0-1"]
[WhiteElo "2560"]
[BlackElo "2505"]
[Annotator "Yudasin,L"]
[PlyCount "135"]
[EventDate "1998.01.21"]
[EventType "swiss"]
[EventRounds "9"]
[EventCountry "RUS"]
[SourceTitle "CBM 063"]
[Source "ChessBase"]
[SourceDate "1998.03.26"]
[SourceVersion "1"]
[SourceVersionDate "1998.03.26"]
[SourceQuality "1"]

1. e4 g6 2. d4 Bg7 3. Nc3 d6 4. Be3 c6 (4... a6) 5. h3 (5. f3) 5... b5 6. g4 (
6. Nf3 Nf6 (6... Nd7 7. Bd3 e5 8. O-O Bb7 $14) 7. Bd3 (7. e5 $1)) 6... Nd7 (
6... Nf6 7. g5 Nfd7 8. h4 $36) 7. Bg2 Nb6 8. b3 h5 $5 (8... Nf6 9. a4 b4 10.
Nce2 a5 11. Ng3 $36 {/\N1e2,00,Qd2} e5) 9. g5 (9. f3 b4 10. Nce2 e5 $13) 9...
d5 10. exd5 $6 (10. e5 Bf5 11. Nge2 h4 12. O-O Qd7 13. Kh2 a5 14. Nf4 e6 $10)
10... Nxd5 (10... b4 11. Ne4 Nxd5 12. Ne2 e5 13. Qd2 Nge7 $13) 11. Nxd5 cxd5
12. c4 (12. Qd2 a5 13. Nf3 Bf5 (13... e6 14. O-O Ne7 $13) 14. Nh4 Be6 $14)
12... e6 (12... bxc4 13. bxc4 e6 14. Ne2 Ne7 15. O-O O-O 16. Rb1 $13) 13. c5 $5
(13. cxd5 Bb7 14. Qd3 a6 $15) (13. cxb5 Qa5+ 14. Qd2 Qxb5 15. Ne2 Ne7 $15) (13.
Ne2 $1 $13) 13... Ne7 14. Nf3 Nc6 (14... Nf5 $5) 15. O-O a5 $13 16. Bf4 $1 O-O
17. Bd6 Re8 18. Re1 b4 19. h4 Ba6 (19... Bf8 20. Bxf8 Rxf8 21. Ne5 Nxe5 22.
Rxe5 Bd7 $14) 20. Ne5 Nxe5 21. Rxe5 $6 (21. dxe5 Qd7 {Bd6}) (21. Bxe5 Bxe5 22.
Rxe5 Qc7 23. f4 Kg7 $14 {/\f5-gf5,Qh5-Rh8}) 21... a4 22. Re3 (22. bxa4 Bc4 {
/\Qa5}) 22... axb3 23. axb3 (23. Rxb3 Qa5 {/\Bc4,Pd4}) 23... Bb5 24. Rb1 (24.
Rxa8 Qxa8 {/\Qa2-b2}) 24... Ra2 $40 25. Be5 Bxe5 26. Rxe5 f6 $1 27. Re3 (27.
gxf6 Qxf6 28. Qe1 Kg7 $40 {/\d4,h4,f2}) 27... fxg5 28. Qe1 (28. hxg5 Qxg5 29.
Rg3 Qf6 30. Qxh5 $4 Qxf2+ 31. Kh2 Qxg3+) 28... Qf6 29. hxg5 Qxg5 30. Rxe6 Rf8
$40 (30... Re2 31. Rxe8+ (31. Rxe2 Rxe2 32. Qd1 Qf5 $19) 31... Rxe8 32. Qc1 (
32. Qxb4 $1 Bd3 33. Re1 Be4 34. f3) 32... Qg4 $17) 31. Qe3 $1 (31. Re5 Qg4 32.
Qd1 Be2 33. Qc1 Rxf2) 31... Qg4 32. Qh3 $8 Qxh3 33. Bxh3 Kg7 34. Bg2 $1 (34. c6
Rc2 35. Re7+ Rf7) 34... Rfxf2 35. Bxd5 Rf4 $6 (35... Rfd2 36. Re4 Bd3 37. Re7+
Kh6 38. Rc1 Bf5 $17) 36. Re4 $1 (36. Be4 Rg4+ 37. Kh1 Re2 38. Bd5 Rxd4) 36...
Rf5 37. Bb7 $1 (37. Be6 Rg5+ 38. Kh1 Bc6 39. d5 Rxd5) 37... Rg5+ 38. Kh1 Rg3 (
38... Rc2 39. Rg1) 39. Rh4 $2 (39. c6 Bd3 $2 (39... Rc3 40. Re7+ $2 (40. d5
Rcc2 41. Rh4 $13 (41. Rc4 $5)) 40... Kf6 41. Rc7 Rh3+ 42. Kg1 Rg3+ 43. Kh1 Be2
44. Kh2 h4 $19) (39... Rc2 40. d5 Rgg2 41. Rh4 $13 (41. Rc4 $5 $13)) (39...
Rh3+ 40. Kg1 Rhh2 $2 41. Re7+ Kf6 42. c7) 40. Re7+ Kh6 (40... Kf6 41. c7 Rc2
42. Rbe1) 41. c7 Rh3+ 42. Kg1 Rg3+ $10) 39... Rd2 $1 40. d5 (40. Rc1 Rc3) (40.
Rg1 Rxb3 41. Rxh5 Rxd4 42. c6 Be2 43. c7 Rc3 44. Rh2 Rxc7 $17) 40... Rc3 41.
Rxb4 (41. c6 Rxd5 42. c7 Bc6 43. c8=Q (43. Bxc6 Rxc6 44. Rc4 Rxc4 45. bxc4 Rc5
46. Rxb4 Rxc7 $19) 43... Rd1+ 44. Kh2 Rc2+ 45. Kg3 Rd3+ 46. Kf4 Rf2+ 47. Ke5
Re2+ 48. Kf4 Rf3+ 49. Kg5 Re5+ 50. Qf5 Rexf5#) 41... Rxc5 $17 42. Re1 Be2 43.
d6 (43. Rf4 Bg4 {/\Rcc2,Rh2,Rcg2,Bh3,Rh1}) 43... Bg4 44. Rb6 Bf5 45. Kg1 (45.
b4 Rc4 {/\Rcd4}) 45... Rc3 $17 46. b4 Rg3+ 47. Kh1 Rb3 $1 (47... Rgd3 $17) 48.
d7 $6 (48. Ba6 $2 Be4+ 49. Kg1 Rg3+ 50. Kf1 Bg2+ 51. Kg1 Bf3+ 52. Kf1 h4 53.
Be2 h3 54. Bxf3 Rxf3+ 55. Kg1 Rg3+ 56. Kh1 Rgg2 $19 {/\Rh2,Rdg2,Rh1}) (48. b5)
48... Rxd7 49. Bc8 Rd5 50. Bxf5 Rxf5 $19 51. Re2 Rf4 52. b5 (52. Rg2 Rb1+ 53.
Kh2 Rh4+ 54. Kg3 Rbxb4) 52... Rf5 53. Rg2 Rf6 54. Rb7+ Kh6 55. Rb8 Rf1+ 56. Kh2
(56. Rg1 Rxg1+ 57. Kxg1 Kg5 $2 (57... h4 58. b6 Rb2 59. b7 Kg7 $19) 58. b6 h4
59. b7 $10) 56... Rbb1 57. Rb6 Rh1+ 58. Kg3 Rhg1 59. Rxg1 Rxg1+ 60. Kf4 (60.
Kf2 Rb1 61. Rb8 h4 62. b6 Rb3 63. Kg2 g5 64. b7 Kg7) 60... Rf1+ 61. Ke4 Kg5 62.
Rc6 (62. Rb8 Rb1 63. b6 h4 64. b7 h3 65. Kf3 h2 66. Rh8 Rxb7 67. Rxh2 Rb3+ 68.
Ke4 Rg3 $19) 62... Rb1 63. b6 h4 64. Kf3 Rb3+ 65. Kg2 Kh5 66. Kh2 g5 67. Kg2
h3+ 68. Kf2 {69...Kh4/\Rb2,g4 Yudasin} 0-1

[Event "RUS-Cup02"]
[Site "Moscow"]
[Date "1998.??.??"]
[Round "7"]
[White "Nikolenko, Oleg"]
[Black "Kharlov, Andrei"]
[Result "1/2-1/2"]
[WhiteElo "2495"]
[BlackElo "2560"]
[PlyCount "60"]
[EventDate "1998.01.21"]
[EventType "swiss"]
[EventRounds "9"]
[EventCountry "RUS"]
[SourceTitle "EXT 1999"]
[Source "ChessBase"]
[SourceDate "1998.11.10"]
[SourceVersion "1"]
[SourceVersionDate "1998.11.10"]
[SourceQuality "1"]

1. e4 c5 2. Nf3 Nc6 3. Nc3 e6 4. Be2 Nf6 5. O-O Qb6 6. a3 a6 7. Rb1 Qc7 8. d4
cxd4 9. Nxd4 Nxd4 10. Qxd4 Bc5 11. Qd3 b5 12. b4 Be7 13. f4 Bb7 14. e5 Nd5 15.
Nxd5 Bxd5 16. Qg3 g6 17. Bd3 Bc4 18. Be3 a5 19. Bd4 axb4 20. axb4 Ra4 21. c3
Qc6 22. Rbd1 Bxd3 23. Qxd3 O-O 24. Ra1 Rfa8 25. Rxa4 Rxa4 26. Qf3 Ra6 27. Qxc6
Rxc6 28. Ra1 Rc4 29. Rd1 Rc6 30. Ra1 Rc4 1/2-1/2

[Event "RUS-Cup02"]
[Site "Moscow"]
[Date "1998.??.??"]
[Round "8"]
[White "Kharlov, Andrei"]
[Black "Ivanov, Victor L"]
[Result "1-0"]
[WhiteElo "2560"]
[BlackElo "2455"]
[PlyCount "73"]
[EventDate "1998.01.21"]
[EventType "swiss"]
[EventRounds "9"]
[EventCountry "RUS"]
[SourceTitle "EXT 1999"]
[Source "ChessBase"]
[SourceDate "1998.11.10"]
[SourceVersion "1"]
[SourceVersionDate "1998.11.10"]
[SourceQuality "1"]

1. c4 b6 2. d4 e6 3. a3 Bb7 4. Nc3 f5 5. d5 Nf6 6. g3 Na6 7. Bf4 g6 8. Nf3 Bg7
9. Be5 O-O 10. Bg2 Ne4 11. Bxg7 Kxg7 12. Rc1 Qf6 13. O-O Nac5 14. Nd4 a5 15.
Nxe4 Nxe4 16. e3 exd5 17. cxd5 Rac8 18. f3 Nd6 19. f4 Rfe8 20. Re1 Ne4 21. Qb3
Nc5 22. Qc3 c6 23. dxc6 dxc6 24. Rcd1 Rc7 25. b4 axb4 26. Qxb4 Ne4 27. Qxb6 Rf7
28. Bxe4 Rxe4 29. Qc5 Qe7 30. Rc1 Qe8 31. Qc3 Kh6 32. h3 c5 33. Qxc5 Rd7 34.
Kf2 Rd8 35. Qb6 Rdxd4 36. exd4 Bd5 37. Qc5 1-0

[Event "RUS-Cup02"]
[Site "Moscow"]
[Date "1998.??.??"]
[Round "9"]
[White "Kotsur, Pavel"]
[Black "Kharlov, Andrei"]
[Result "1-0"]
[WhiteElo "2500"]
[BlackElo "2560"]
[PlyCount "119"]
[EventDate "1998.01.21"]
[EventType "swiss"]
[EventRounds "9"]
[EventCountry "RUS"]
[SourceTitle "CBM 063"]
[Source "ChessBase"]
[SourceDate "1998.03.26"]
[SourceVersion "1"]
[SourceVersionDate "1998.03.26"]
[SourceQuality "1"]

1. e4 c5 2. Nf3 Nc6 3. d4 cxd4 4. Nxd4 Nf6 5. Nc3 d6 6. Bg5 e6 7. Qd3 Be7 8.
O-O-O Nxd4 9. Qxd4 O-O 10. Bc4 Qa5 11. h4 Bd7 12. Bb3 Bc6 13. f3 Rfd8 14. g4 b5
15. Kb1 b4 16. Ne2 Qb5 17. Ng3 Rd7 18. Bc4 Qb7 19. Nh5 Ne8 20. Bxe7 Rxe7 21. g5
Qb6 22. Qxb6 axb6 23. Nf4 Ra5 24. Bb3 Rc7 25. Rhe1 Bb5 26. Nd3 Bxd3 27. Rxd3 e5
28. f4 Kf8 29. f5 Rac5 30. Re2 Ke7 31. Rf3 f6 32. Bg8 d5 33. Bxd5 Nd6 34. a3
Nb5 35. axb4 Rxc2 36. Rxc2 Rxc2 37. Rf1 Nd4 38. Rd1 Rc7 39. Rd3 Nb5 40. Bg8 Rd7
41. gxf6+ gxf6 42. Rg3 Rd1+ 43. Ka2 Nd6 44. Be6 Ne8 45. Rc3 Rh1 46. Rc6 Rxh4
47. Bd5 Nd6 48. Rxb6 Nxe4 49. Re6+ Kd7 50. b5 Nd6 51. Rxf6 e4 52. b6 e3 53. b7
Rb4 54. Re6 Nxf5 55. Re4 Rb5 56. b8=Q Rxb8 57. Be6+ Kd6 58. Bxf5 Rf8 59. Bxh7
Rf3 60. Bg8 1-0

[Event "Petrov Memorial op"]
[Site "St Petersburg"]
[Date "1998.??.??"]
[Round "1"]
[White "Gladyszev, Oleg"]
[Black "Kharlov, Andrei"]
[Result "0-1"]
[WhiteElo "2355"]
[BlackElo "2560"]
[PlyCount "74"]
[EventDate "1998.02.??"]
[EventType "swiss"]
[EventRounds "9"]
[EventCountry "RUS"]
[SourceTitle "EXT 1999"]
[Source "ChessBase"]
[SourceDate "1998.11.10"]
[SourceVersion "1"]
[SourceVersionDate "1998.11.10"]
[SourceQuality "1"]

1. d4 e6 2. Nf3 Nf6 3. g3 b5 4. Bg2 Bb7 5. O-O c5 6. c3 Be7 7. Bg5 cxd4 8. cxd4
a6 9. Nbd2 O-O 10. a4 Qb6 11. axb5 axb5 12. Rxa8 Bxa8 13. e3 Rc8 14. Qa1 Nc6
15. Rc1 h6 16. Bxf6 Bxf6 17. Ne4 Be7 18. Ne5 d5 19. Nxc6 Bxc6 20. Nc5 Ra8 21.
Qb1 b4 22. Nd3 Be8 23. Qc2 Bd6 24. Qd1 g6 25. Ra1 Rc8 26. Rc1 Rc4 27. Qd2 Qc7
28. Bf1 Bb5 29. Qe1 Rxc1 30. Qxc1 Qa7 31. Qd2 Kg7 32. Qe1 Qa4 33. Qc1 g5 34.
Qd2 Qa6 35. Qd1 Bc4 36. Nc1 Qa1 37. Qc2 b3 0-1

[Event "Petrov Memorial op"]
[Site "St Petersburg"]
[Date "1998.??.??"]
[Round "2"]
[White "Kharlov, Andrei"]
[Black "Savon, Vladimir"]
[Result "1-0"]
[WhiteElo "2560"]
[BlackElo "2425"]
[PlyCount "83"]
[EventDate "1998.02.??"]
[EventType "swiss"]
[EventRounds "9"]
[EventCountry "RUS"]
[SourceTitle "EXT 1999"]
[Source "ChessBase"]
[SourceDate "1998.11.10"]
[SourceVersion "1"]
[SourceVersionDate "1998.11.10"]
[SourceQuality "1"]

1. e4 c5 2. d3 Nc6 3. g3 e5 4. Bg2 g6 5. Nc3 Bg7 6. f4 exf4 7. Bxf4 d6 8. Qd2
Nge7 9. Bh6 O-O 10. h4 Bxh6 11. Qxh6 f6 12. O-O-O Rf7 13. Nge2 Bg4 14. Bh3 Bxh3
15. Rxh3 d5 16. d4 cxd4 17. Nxd4 Nxd4 18. Rxd4 Qc8 19. Rh2 Qc7 20. Rd3 d4 21.
Rxd4 Qxg3 22. Rdd2 Qg1+ 23. Nd1 Nc6 24. Rhg2 Qe1 25. Rge2 Qg3 26. Rg2 Qe5 27.
Nf2 Rd8 28. Rxd8+ Nxd8 29. Qd2 Rf8 30. a3 Ne6 31. Kb1 Rd8 32. Qe1 Nf4 33. Rg1
h5 34. Qe3 b6 35. Qg3 Kf7 36. Nd3 Nxd3 37. Qxg6+ Ke7 38. cxd3 Rxd3 39. Qh7+ Kd6
40. Rc1 Ke6 41. Rc6+ Rd6 42. Qg8+ 1-0

[Event "Petrov Memorial op"]
[Site "St Petersburg"]
[Date "1998.??.??"]
[Round "4"]
[White "Kharlov, Andrei"]
[Black "Gelman, Alexander"]
[Result "1-0"]
[WhiteElo "2560"]
[BlackElo "2440"]
[PlyCount "69"]
[EventDate "1998.02.??"]
[EventType "swiss"]
[EventRounds "9"]
[EventCountry "RUS"]
[SourceTitle "EXT 1999"]
[Source "ChessBase"]
[SourceDate "1998.11.10"]
[SourceVersion "1"]
[SourceVersionDate "1998.11.10"]
[SourceQuality "1"]

1. c4 e5 2. Nc3 d6 3. g3 g6 4. Bg2 Bg7 5. e3 f5 6. Nge2 Nf6 7. O-O O-O 8. b3 c6
9. Ba3 Re8 10. Rc1 a5 11. d3 Na6 12. Qd2 Kh8 13. h3 Nc5 14. Rcd1 Ne6 15. f4
exf4 16. gxf4 Nc5 17. Ng3 Ng8 18. d4 Na6 19. e4 Nb4 20. exf5 Bxf5 21. Nxf5 gxf5
22. d5 c5 23. Nb5 a4 24. Rfe1 Rxe1+ 25. Rxe1 axb3 26. axb3 Nf6 27. Re6 Nh5 28.
Bxb4 cxb4 29. Nxd6 Qg8 30. Qf2 Bc3 31. Kh2 Qg7 32. Nxf5 Qf7 33. Be4 Rg8 34. Nh6
Qc7 35. d6 1-0

[Event "Petrov Memorial op"]
[Site "St Petersburg"]
[Date "1998.??.??"]
[Round "5"]
[White "Murashko, Vyacheslav"]
[Black "Kharlov, Andrei"]
[Result "0-1"]
[WhiteElo "2390"]
[BlackElo "2560"]
[PlyCount "96"]
[EventDate "1998.02.??"]
[EventType "swiss"]
[EventRounds "9"]
[EventCountry "RUS"]
[SourceTitle "EXT 1999"]
[Source "ChessBase"]
[SourceDate "1998.11.10"]
[SourceVersion "1"]
[SourceVersionDate "1998.11.10"]
[SourceQuality "1"]

1. c4 b6 2. Nc3 Bb7 3. e4 e6 4. Nf3 Bb4 5. Bd3 Ne7 6. O-O O-O 7. Re1 Ng6 8. a3
Be7 9. Bc2 c5 10. d4 cxd4 11. Nxd4 Qc7 12. b3 a6 13. Bb2 d6 14. g3 Nc6 15. Nxc6
Bxc6 16. h4 h6 17. h5 Ne5 18. f4 Nd7 19. Nd5 Qd8 20. Nxe7+ Qxe7 21. Qd3 Rfd8
22. Rad1 Nf6 23. Qc3 Nxh5 24. Rd2 Nf6 25. Qb4 Rab8 26. e5 Ne8 27. Red1 a5 28.
exd6 Rxd6 29. Qc3 Rxd2 30. Rxd2 Qc5+ 31. Qd4 Qh5 32. Rh2 Qg4 33. Qc3 f5 34. Kf2
Rd8 35. Qe3 Kf7 36. Rh4 Qg6 37. Bc3 Rb8 38. Qe5 Qf6 39. Qe3 Qe7 40. b4 axb4 41.
Bxb4 Qd7 42. g4 Nd6 43. Bxd6 Qxd6 44. gxf5 exf5 45. Bxf5 Re8 46. Qd3 Qc5+ 47.
Kf1 Re3 48. Bg6+ Kf6 0-1